00507 2200193 4500001002100000005001700021008004100038020001800079035002400097082000800121090001500129100001900144245005900163260003300222300002500255850001200280985000600292999001500298YOGYA-0209000005170120090227032817.0 ind  a979-407-160-9 0010-020900000051701 a819 a819bTim S aTIMUR, Sunarto aSerat Wewaton Padhalangan Jawi WetanancSunarto Timoer aJakartabBalai Pustakac1988 a207 hlmbilusc20 cm aYOPDYOG a1 a95P0057568